| 000 | 00541nam a2200217Ia 4500 | ||
|---|---|---|---|
| 005 | 20250425161240.0 | ||
| 008 | 250425s9999 xx 000 0 und d | ||
| 020 | _a0070406413 | ||
| 041 | _aeng | ||
| 082 | _a620.0042 | ||
| 100 | _aMARTIN, HAROLD C. | ||
| 245 | 0 | _aINTRODUCTION TO FINITE ELEMENT ANALYSIS | |
| 250 | _aS.E. | ||
| 260 |
_aEstados Unidos _bMCGRAW - HILL _c1973 |
||
| 260 | _aNEW YORK | ||
| 300 | _a386 | ||
| 650 | _aELEMENTOS FINITOS | ||
| 650 | _aINGENIERIA MATEMATICA-MANUALES | ||
| 942 | _c01 | ||
| 010 | _a16097 | ||
| 999 |
_c205422 _d205422 |
||